[Event "Barcelona Sants op 21st"]
[Site "Barcelona"]
[Date "2019.08.25"]
[Round "3"]
[White "Nijboer, Friso"]
[Black "Chernyak, Viktoria"]
[Result "1/2-1/2"]
[WhiteElo "2480"]
[BlackElo "2238"]
[PlyCount "37"]
[EventDate "2019.08.23"]
[EventType "swiss"]
[EventRounds "10"]
[EventCountry "ESP"]
[SourceTitle "EXT 2020"]
[Source "ChessBase"]
[SourceDate "2019.10.17"]
[SourceVersion "1"]
[SourceVersionDate "2019.10.17"]
[SourceQuality "1"]

1. e4 c6 2. d4 d5 3. exd5 cxd5 4. Bd3 Nc6 5. c3 Qc7 6. Ne2 Bg4 7. 0-0 e6 8. Qe1 Bxe2 9. Qxe2 Nf6 10. Nd2 Bd6 11. Nf3 h6 12. Re1 g5 13. a4 0-0-0 14. b4 Rhg8 15. a5 Kb8 16. g3 Rde8 17. Ne5 Rc8 18. f4 gxf4 19. Bxf4 1/2-1/2

[Event "Hilversum op"]
[Site "Hilversum"]
[Date "2019.06.22"]
[Round "3"]
[White "Nijboer, Friso"]
[Black "Schulze, Lara"]
[Result "1/2-1/2"]
[WhiteElo "2488"]
[BlackElo "2160"]
[PlyCount "131"]
[EventDate "2019.06.21"]
[EventType "swiss"]
[EventRounds "6"]
[EventCountry "NED"]
[SourceTitle "CBM 191 Extra"]
[Source "ChessBase"]
[SourceDate "2019.09.30"]
[SourceVersion "1"]
[SourceVersionDate "2019.09.30"]
[SourceQuality "1"]

1. e4 c5 2. Nf3 d6 3. d4 cxd4 4. Nxd4 Nf6 5. Nc3 Nc6 6. Bg5 e6 7. Qd2 a6 8. 0-0-0 Bd7 9. f3 h6 10. Be3 b5 11. Nxc6 Bxc6 12. Ne2 Rc8 13. Kb1 Be7 14. Nd4 Bb7 15. h4 Nd7 16. Be2 Ne5 17. g4 Qc7 18. Bf4 Nc4 19. Bxc4 bxc4 20. Ne2 e5 21. Be3 d5 22. exd5 Rd8 23. Nc3 Bb4 24. a3 Ba5 25. g5 h5 26. f4 0-0 27. fxe5 Qxe5 28. Bd4 Qxd5 29. Nxd5 Bxd2 30. Rxd2 Rxd5 31. Re1 Rfd8 32. c3 R8d7 33. Rf2 Kh7 34. Re8 Rb5 35. Kc1 Bd5 36. Rfe2 Be6 37. R2xe6 fxe6 38. Rxe6 Kg8 39. Rxa6 Rdb7 40. Rc6 Rxb2 41. Rxc4 Rh2 42. g6 Kf8 43. Rb4 Rd7 44. a4 Rd5 45. Rb8+ Ke7 46. Rb7+ Ke6 47. Rb2 Rxh4 48. Kb1 Rg4 49. Bxg7 Rxg6 50. Bd4 Rg8 51. Ka2 h4 52. Rh2 Rh5 53. Kb3 Kd5 54. a5 Rb8+ 55. Kc2 Ra8 56. Bb6 Kc4 57. Rh3 Rg8 58. Kd2 Rg2+ 59. Ke3 Rc2 60. Kf4 Rxc3 61. Rxc3+ Kxc3 62. a6 Rh6 63. a7 Rh8 64. Bc7 Ra8 65. Bb8 Rxa7 66. Bxa7 1/2-1/2